Pink Triangle - Weezer lyrics quiz - Statistics

General Stats
  • This quiz has been taken 28 times
  • The average score is 253 of 284
Answer Stats
Answer % Correct
a
100%
as
100%
I
100%
I'm
100%
in
100%
me
100%
My
100%
my
100%
no
100%
on
100%
pink
100%
She
100%
she
100%
she's
100%
the
100%
triangle
100%
We
100%
Were
100%
were
100%
be
95%
But
95%
dumb
95%
go
95%
good
95%
lesbian
95%
married
95%
mind
95%
Oh
95%
girl
90%
had
90%
her
90%
know
90%
Let
90%
love
90%
mind's
90%
one
90%
thought
90%
to
90%
truth
90%
When
90%
when
90%
around
85%
for
85%
found
85%
look
85%
never
85%
sleeve
85%
start
85%
enough
80%
just
80%
with
80%
little
75%
long
75%
queer
75%
stable
75%
straight
75%
would
75%
Can't
70%
earth
70%
Everyone's
70%
have
70%
last
70%
myself
70%
that
70%
Then
70%
begins
65%
feel
65%
it
65%
place
65%
pull
65%
put
65%
was
65%
and
60%
out
60%
See
60%
time
60%
Turns
60%
few
55%
pulled
55%
smoked
55%
come
50%
crime
50%
day
50%
floral
50%
Might
50%
prints
50%
think
50%
arrangements
45%
down
45%
I'd
45%
settle
45%
Knew
40%
old-fashioned
40%
sweet
40%
surely
35%
her sleeve
25%
chill
20%
No matching quizzes found
Score Distribution
Percent of People with Each Score
Percentile by Number Answered
Your Score History
You have not taken this quiz